Famous Photos by Picture - Statistics

General Stats
  • This quiz has been taken 12 times
  • The average score is 2 of 8
Answer Stats
Picture Answer % Correct
A Man On The Moon
40%
Earthrise
40%
Migrant Mother
30%
Tank Man
30%
Bliss
20%
Raising the Flag on Iwo Jima
20%
Lunch Atop a Skyscraper
10%
View From the Window at Le Gras
0%
No matching quizzes found
Score Distribution
Percent of People with Each Score
Percentile by Number Answered
Your Score History
You have not taken this quiz